[Event "Hamburg-chT Landesliga 1819"]
[Site "Hamburg"]
[Date "2019.04.14"]
[Round "9.2"]
[White "Kilic, Oguz"]
[Black "Heyken, Enno"]
[Result "1/2-1/2"]
[WhiteElo "2047"]
[BlackElo "2339"]
[PlyCount "78"]
[EventDate "2018.10.21"]
[EventType "team-tourn"]
[EventRounds "9"]
[EventCountry "GER"]
[SourceTitle "EXT 2020"]
[Source "ChessBase"]
[SourceDate "2019.10.17"]
[SourceVersion "1"]
[SourceVersionDate "2019.10.17"]
[SourceQuality "1"]
[WhiteTeam "Hamburg Diogenes II"]
[BlackTeam "Grosshansdorf"]
[WhiteTeamCountry "GER"]
[BlackTeamCountry "GER"]

1. e4 e6 2. Nc3 d5 3. g3 Nf6 4. d3 Bc5 5. Bg2 dxe4 6. Nxe4 Nxe4 7. Bxe4 Nd7 8. Be3 Bxe3 9. fxe3 c6 10. Qd2 e5 11. Ne2 Nf6 12. Bg2 Qb6 13. c3 Be6 14. 0-0 h5 15. h3 Bd5 16. Bxd5 cxd5 17. Rf5 Qe6 18. Raf1 0-0-0 19. Kg2 Rhe8 20. Nc1 Qc6 21. Kg1 Qd6 22. Qf2 Kb8 23. Nb3 Qa6 24. Nc1 Re6 25. Qc2 Qb6 26. Re1 d4 27. exd4 exd4 28. Rxe6 Qxe6 29. Qf2 Qb6 30. c4 a6 31. Nb3 Qe6 32. Qf4+ Ka8 33. Qe5 Qd7 34. Kh1 Re8 35. Qf4 Re2 36. Kg1 Rxb2 37. Nxd4 Rxa2 38. Qe3 h4 39. gxh4 Qd6 1/2-1/2

[Event "Oberliga Nord N 1415"]
[Site "Germany"]
[Date "2015.03.15"]
[Round "8.2"]
[White "Heyken, Enno"]
[Black "Nedic, Dusan"]
[Result "1-0"]
[WhiteElo "2350"]
[BlackElo "2315"]
[PlyCount "91"]
[EventDate "2014.09.21"]
[EventType "team-tourn"]
[EventRounds "9"]
[EventCountry "GER"]
[SourceTitle "EXT 2016"]
[Source "ChessBase"]
[SourceDate "2015.10.08"]
[SourceVersion "1"]
[SourceVersionDate "2015.10.08"]
[SourceQuality "1"]
[WhiteTeam "Hamburger SK III"]
[BlackTeam "Hamburg SF"]
[WhiteTeamCountry "GER"]
[BlackTeamCountry "GER"]

1. g3 e5 2. Bg2 d5 3. d3 Nf6 4. Nf3 Nc6 5. a3 a5 6. 0-0 Be7 7. Nc3 d4 8. Nb1 0-0 9. c3 a4 10. b4 axb3 11. Qxb3 Be6 12. Qxb7 Na5 13. Qb2 Rb8 14. Qc2 Nb3 15. Bb2 Nxa1 16. Bxa1 Bb3 17. Qc1 dxc3 18. Nxe5 c2 19. Nd2 Ba4 20. Bc6 Ra8 21. Bxa4 Rxa4 22. Ndc4 Qa8 23. Bb2 h5 24. h4 Re8 25. Qxc2 Ra6 26. Rc1 Qc8 27. Kg2 Qe6 28. e4 Bd6 29. Qc3 Bf8 30. f4 Ng4 31. f5 Qh6 32. Nxg4 hxg4 33. Rf1 Qf6 34. Qd2 Qc6 35. Qe2 Ra4 36. Rf4 f6 37. h5 Rb8 38. h6 Qb5 39. Rf2 Qd7 40. Qxg4 Qxd3 41. hxg7 Be7 42. Qh5 Qxe4+ 43. Kh2 Kxg7 44. Qg6+ Kf8 45. Bxf6 Rxc4 46. Bg7+ 1-0

[Event "Hamburg-chT Landesliga 1314"]
[Site "Hamburg"]
[Date "2014.04.13"]
[Round "9.2"]
[White "Heyken, Enno"]
[Black "Wolter, Michael"]
[Result "0-1"]
[WhiteElo "2354"]
[BlackElo "2189"]
[PlyCount "88"]
[EventDate "2013.10.13"]
[EventType "team-tourn"]
[EventRounds "9"]
[EventCountry "GER"]
[SourceTitle "EXT 2022"]
[Source "ChessBase"]
[SourceDate "2021.10.06"]
[SourceVersion "1"]
[SourceVersionDate "2021.10.06"]
[SourceQuality "1"]
[WhiteTeam "Grosshansdorf"]
[BlackTeam "Hamburg Koenigsspringer II"]
[WhiteTeamCountry "GER"]
[BlackTeamCountry "GER"]

1. g3 d5 2. Bg2 Nf6 3. d3 g6 4. f4 Bg7 5. Nf3 0-0 6. 0-0 b6 7. c4 c6 8. Ne5 Bb7 9. cxd5 cxd5 10. Nc3 Nc6 11. d4 e6 12. b3 Rc8 13. Ba3 Re8 14. Nb5 Bf8 15. Bxf8 Rxf8 16. Nxc6 Bxc6 17. Nxa7 Rc7 18. Nxc6 Rxc6 19. Qd2 Qc7 20. Rfc1 Rc8 21. Rxc6 Qxc6 22. a4 Ne8 23. Bf3 Nd6 24. g4 Nb7 25. e3 Na5 26. Bd1 Nb7 27. Kf1 Nd6 28. Qd3 Qc7 29. b4 Qe7 30. g5 Ne4 31. Qa6 Qc7 32. Qd3 Qe7 33. Qa6 Qc7 34. a5 bxa5 35. b5 Qc3 36. b6 Rf8 37. Qxa5 Qxe3 38. Ra2 Qxf4+ 39. Ke1 Qxg5 40. b7 Qg1+ 41. Ke2 Qxh2+ 42. Ke1 Qg3+ 43. Kf1 Qd3+ 44. Be2 Qb1+ 0-1

[Event "GER-ch 3rd Internet Blitz Cand"]
[Site "Playchess.com INT"]
[Date "2005.04.02"]
[Round "5"]
[White "Heyken, Enno"]
[Black "Schoeneberg, Manfred"]
[Result "1-0"]
[WhiteElo "2331"]
[BlackElo "2326"]
[PlyCount "65"]
[EventDate "2005.04.02"]
[EventType "swiss (blitz)"]
[EventRounds "15"]
[EventCountry "GER"]
[SourceTitle "CBM 105 Extra"]
[Source "ChessBase"]
[SourceDate "2005.05.01"]
[SourceVersion "1"]
[SourceVersionDate "2005.05.01"]
[SourceQuality "1"]

1. d4 Nf6 2. Bg5 c5 3. Bxf6 exf6 4. Nc3 d5 5. Nf3 Nc6 6. e3 Bg4 7. dxc5 Qa5 8. Qxd5 Be6 9. Qe4 Bxc5 10. Bb5 0-0 11. Bxc6 bxc6 12. 0-0 Rab8 13. Rab1 Rfc8 14. a3 Bxa3 15. Nd4 Bd5 16. Qg4 h5 17. Qxh5 Bxb2 18. Nxd5 Qxd5 19. Nf5 Ba3 20. Rbd1 Qe6 21. Rd4 Rb4 22. Qg4 g6 23. Ne7+ Qxe7 24. Qxc8+ Kg7 25. Rfd1 c5 26. Rd7 Qe6 27. Qc7 Rg4 28. g3 Kg8 29. Rd8+ Kg7 30. Qb8 c4 31. Rg8+ Kh6 32. h3 Rxg3+ 33. Qxg3 1-0

[Event "GER-ch 3rd Internet Blitz Cand"]
[Site "Playchess.com INT"]
[Date "2005.04.02"]
[Round "2"]
[White "Heyken, Enno"]
[Black "Womacka, Mathias"]
[Result "1-0"]
[WhiteElo "2331"]
[BlackElo "2436"]
[PlyCount "105"]
[EventDate "2005.04.02"]
[EventType "swiss (blitz)"]
[EventRounds "15"]
[EventCountry "GER"]
[SourceTitle "CBM 105 Extra"]
[Source "ChessBase"]
[SourceDate "2005.05.01"]
[SourceVersion "1"]
[SourceVersionDate "2005.05.01"]
[SourceQuality "1"]

1. d4 Nf6 2. Bg5 Ne4 3. Bf4 c5 4. f3 Qa5+ 5. c3 Nf6 6. Nd2 cxd4 7. Nb3 Qf5 8. Bxb8 Rxb8 9. Qxd4 b6 10. e4 Qf4 11. Nh3 Qc7 12. e5 Ng8 13. Nf2 f5 14. exf6 Nxf6 15. Ne4 Nxe4 16. Qxe4 e6 17. Bd3 Bb7 18. Qh4 Qe5+ 19. Kf2 Be7 20. Qh3 Bc5+ 21. Nxc5 Qxc5+ 22. Ke2 Qe5+ 23. Kd2 Kd8 24. Kc2 Kc7 25. Rad1 Rbd8 26. Rhe1 Qf6 27. Qg3+ d6 28. Be4 Bxe4+ 29. Rxe4 Rhe8 30. Rc4+ Kb7 31. Rxd6 Rxd6 32. Qxd6 Qf5+ 33. Kc1 Qd5 34. Rc7+ Kb8 35. Qxd5 exd5 36. Rxg7 h5 37. Kd2 h4 38. Rg5 Rd8 39. Kd3 Kc7 40. Kd4 Kc6 41. Rg6+ Kb5 42. Rg4 Re8 43. Rxh4 Re2 44. Rg4 Rxb2 45. h4 Rxa2 46. h5 Ra1 47. Rh4 Rd1+ 48. Ke5 Re1+ 49. Kf6 a5 50. h6 a4 51. h7 Re8 52. h8Q Rxh8 53. Rxh8 1-0

[Event "GER-ch 3rd Internet Blitz Cand"]
[Site "Playchess.com INT"]
[Date "2005.04.02"]
[Round "1"]
[White "Krivoshey, Sergei"]
[Black "Heyken, Enno"]
[Result "0-1"]
[WhiteElo "2487"]
[BlackElo "2331"]
[PlyCount "112"]
[EventDate "2005.04.02"]
[EventType "swiss (blitz)"]
[EventRounds "15"]
[EventCountry "GER"]
[SourceTitle "CBM 105 Extra"]
[Source "ChessBase"]
[SourceDate "2005.05.01"]
[SourceVersion "1"]
[SourceVersionDate "2005.05.01"]
[SourceQuality "1"]

1. Nf3 d5 2. d4 Nf6 3. c4 e6 4. Nc3 Nbd7 5. cxd5 exd5 6. Bf4 Bb4 7. Rc1 c5 8. e3 Qa5 9. Bd3 Qxa2 10. 0-0 Bxc3 11. bxc3 c4 12. Bf5 0-0 13. Bd6 Re8 14. Nd2 Qa6 15. Bb4 Nf8 16. Ra1 Qc6 17. Bc2 b5 18. Re1 Ng6 19. f3 Bb7 20. Nf1 a6 21. Ng3 Nh4 22. e4 dxe4 23. fxe4 Qe6 24. Qd2 Qg4 25. d5 Nh5 26. Bd1 Qf4 27. Qf2 Qxf2+ 28. Kxf2 Nf4 29. Bc2 Nhxg2 30. Rg1 Nh4 31. Bc5 Rad8 32. Bd4 Nh3+ 33. Ke3 Nxg1 34. Rxg1 g6 35. Kf2 Bxd5 36. exd5 Rxd5 37. Be4 Rd6 38. Re1 b4 39. Rb1 b3 40. Rb2 f5 41. Bh1 a5 42. Bc5 Rde6 43. Ba3 Re3 44. Rd2 Rxc3 45. Bd5+ Kg7 46. Bb2 Ree3 47. Nf1 f4 48. Rd1 Kh6 49. Nxe3 Rxe3 50. Bc1 Rd3 51. Bxf4+ g5 52. Rxd3 cxd3 53. Bc1 d2 54. Bxd2 a4 55. Be4 Ng6 56. Bc3 Nf4 0-1

[Event "GER-ch 3rd Internet Blitz Cand"]
[Site "Playchess.com INT"]
[Date "2005.04.02"]
[Round "12"]
[White "Zwahr, Paul"]
[Black "Heyken, Enno"]
[Result "0-1"]
[WhiteElo "2104"]
[BlackElo "2331"]
[PlyCount "68"]
[EventDate "2005.04.02"]
[EventType "swiss (blitz)"]
[EventRounds "15"]
[EventCountry "GER"]
[SourceTitle "CBM 105 Extra"]
[Source "ChessBase"]
[SourceDate "2005.05.01"]
[SourceVersion "1"]
[SourceVersionDate "2005.05.01"]
[SourceQuality "1"]

1. Nf3 d5 2. d4 Nf6 3. c4 e6 4. Nc3 Nbd7 5. Bg5 Bb4 6. e3 c5 7. cxd5 exd5 8. Bd3 Qa5 9. Rc1 Qxa2 10. 0-0 Bxc3 11. bxc3 c4 12. Bf5 0-0 13. Rb1 Qa5 14. Qc2 g6 15. Bxd7 Nxd7 16. Rfc1 f6 17. Bf4 Re8 18. Nd2 b5 19. e4 Nf8 20. f3 Ne6 21. Bg3 Ng5 22. h4 Nf7 23. exd5 Bf5 24. Ne4 Kg7 25. Qd2 Bxe4 26. fxe4 Rxe4 27. Rf1 Nh6 28. Qc2 Rae8 29. Be5 R8xe5 30. dxe5 Rxe5 31. d6 Qb6+ 32. Qf2 Qxd6 33. Qxa7+ Re7 34. Qa5 Ng4 0-1

[Event "Oberliga Nord N 0405"]
[Site "Germany"]
[Date "2005.02.13"]
[Round "7.1"]
[White "Heyken, Enno"]
[Black "Schmidt, Harald"]
[Result "1-0"]
[WhiteElo "2330"]
[BlackElo "2347"]
[PlyCount "57"]
[EventDate "2004.10.24"]
[EventType "team-tourn"]
[EventRounds "9"]
[EventCountry "GER"]
[SourceTitle "EXT 2006"]
[Source "ChessBase"]
[SourceDate "2005.11.24"]
[SourceVersion "1"]
[SourceVersionDate "2005.11.24"]
[SourceQuality "1"]
[WhiteTeam "Grosshansdorf"]
[BlackTeam "Glinde"]
[WhiteTeamCountry "GER"]
[BlackTeamCountry "GER"]

1. d4 f5 2. g3 Nf6 3. Bg2 g6 4. c3 Bg7 5. Qb3 c6 6. Nd2 d5 7. e3 b6 8. Ne2 Ba6 9. c4 e6 10. Nf4 Qe7 11. 0-0 Ne4 12. cxd5 exd5 13. Re1 Qf7 14. Nxe4 fxe4 15. Bh3 Bc4 16. Qa4 Rf8 17. Bd2 g5 18. Ne6 g4 19. Bxg4 Qxf2+ 20. Kh1 Qxd2 21. Nxg7+ Kf7 22. Ne6 Rg8 23. Rf1+ Bxf1 24. Rxf1+ Ke7 25. Qa3+ c5 26. Nxc5 Ke8 27. Bh5+ Rg6 28. Bxg6+ hxg6 29. Rf8+ 1-0

[Event "Travemuende op 21th"]
[Site "Travemuende"]
[Date "2004.12.30"]
[Round "7"]
[White "Heyken, Enno"]
[Black "Miroshnichenko, Evgenij"]
[Result "0-1"]
[WhiteElo "2330"]
[BlackElo "2615"]
[PlyCount "124"]
[EventDate "2004.12.27"]
[EventType "swiss"]
[EventRounds "7"]
[EventCountry "GER"]
[SourceTitle "EXT 2006"]
[Source "ChessBase"]
[SourceDate "2005.11.24"]
[SourceVersion "1"]
[SourceVersionDate "2005.11.24"]
[SourceQuality "1"]

1. d4 Nf6 2. Bg5 Ne4 3. Bf4 c5 4. f3 Qa5+ 5. c3 Nf6 6. Nd2 cxd4 7. Nb3 Qd8 8. cxd4 d5 9. e3 e6 10. Bg5 Bb4+ 11. Nd2 Nc6 12. Bd3 Qb6 13. Ne2 h6 14. Bh4 Be7 15. Qb3 Nb4 16. Bb1 Bd7 17. a3 Qa6 18. Bxf6 gxf6 19. Kf2 Nc6 20. Bd3 Qa5 21. Qc3 Qd8 22. b4 a5 23. b5 Na7 24. Qb2 Nc8 25. e4 Nb6 26. exd5 Nxd5 27. Be4 Nb6 28. Rac1 Bc8 29. Nc4 f5 30. Nxb6 Qxb6 31. Bd3 Bf6 32. Qc3 Bd7 33. Qc5 Qxc5 34. Rxc5 Be7 35. Rc7 Bxa3 36. Rxb7 Ke7 37. Rb1 Rhb8 38. Rxb8 Rxb8 39. Nc3 Kd6 40. Ke3 Bb4 41. Na2 Bxb5 42. Bxb5 Rxb5 43. Kd3 e5 44. Kc4 Rb8 45. dxe5+ Kxe5 46. Rd1 Rc8+ 47. Kb3 Bd6 48. Nc3 Ke6 49. Nb5 Bxh2 50. Ra1 Ra8 51. Rh1 Bf4 52. g3 Bxg3 53. Rxh6+ Ke5 54. Rh7 f6 55. Re7+ Kf4 56. Nd6 Kxf3 57. Nxf5 Be5 58. Ka4 Kf4 59. Nh6 Bc3 60. Rc7 Bb4 61. Rc6 Rf8 62. Rc7 Kg5 0-1

[Event "Travemuende op 21th"]
[Site "Travemuende"]
[Date "2004.12.29"]
[Round "6"]
[White "Mainka, Romuald"]
[Black "Heyken, Enno"]
[Result "0-1"]
[WhiteElo "2461"]
[BlackElo "2330"]
[PlyCount "68"]
[EventDate "2004.12.27"]
[EventType "swiss"]
[EventRounds "7"]
[EventCountry "GER"]
[SourceTitle "EXT 2006"]
[Source "ChessBase"]
[SourceDate "2005.11.24"]
[SourceVersion "1"]
[SourceVersionDate "2005.11.24"]
[SourceQuality "1"]

1. g3 d5 2. Bg2 e5 3. d3 Nc6 4. Nf3 f6 5. c3 Be6 6. Nbd2 Qd7 7. b4 Nd8 8. a3 Bd6 9. e4 c6 10. d4 Nf7 11. 0-0 Ne7 12. Qe2 0-0 13. c4 Rae8 14. Bb2 Bg4 15. dxe5 fxe5 16. cxd5 cxd5 17. exd5 Nxd5 18. Ne4 Nf6 19. Rad1 Qe6 20. Rfe1 Bc7 21. h3 Nxe4 22. Qxe4 Bxf3 23. Qxf3 Bb6 24. Rd2 Ng5 25. Qd5 Bxf2+ 26. Rxf2 Nxh3+ 27. Kh2 Rxf2 28. Qxe6+ Rxe6 29. Bc1 g5 30. Be3 Rb2 31. Kxh3 Rh6+ 32. Kg4 Rxg2 33. Bxg5 Re6 34. Bc1 e4 0-1

[Event "Oberwart op"]
[Site "Oberwart"]
[Date "2004.??.??"]
[Round "?"]
[White "Heyken, Enno"]
[Black "Staberhofer, Rainer"]
[Result "1/2-1/2"]
[WhiteElo "2330"]
[BlackElo "2175"]
[PlyCount "95"]
[EventDate "2004.07.10"]
[EventType "swiss"]
[EventRounds "9"]
[EventCountry "AUT"]
[SourceTitle "CBM 103 Extra"]
[Source "ChessBase"]
[SourceDate "2005.01.01"]
[SourceVersion "1"]
[SourceVersionDate "2005.01.01"]
[SourceQuality "1"]

1. d4 d5 2. Bg5 c6 3. e3 Qb6 4. Qc1 Bf5 5. Nf3 e6 6. Nbd2 Nd7 7. c4 Ngf6 8. c5 Qa5 9. a3 Be7 10. b4 Qd8 11. Be2 h6 12. Bh4 Ne4 13. Nxe4 Bxe4 14. Bg3 Bxf3 15. Bxf3 Bh4 16. 0-0 Bxg3 17. hxg3 Qg5 18. Re1 Nf6 19. a4 h5 20. b5 h4 21. bxc6 bxc6 22. gxh4 Qxh4 23. Kf1 Ng4 24. Qb2 Ke7 25. Rab1 g5 26. Bxg4 Qxg4 27. f3 Qg3 28. Qf2 Qxf2+ 29. Kxf2 Rab8 30. e4 Kd7 31. Kg3 dxe4 32. fxe4 f6 33. a5 Rb5 34. Rxb5 cxb5 35. d5 exd5 36. exd5 Rc8 37. Rc1 b4 38. Kf3 b3 39. a6 b2 40. Rb1 Rxc5 41. Rxb2 Rxd5 42. Rb7+ Ke6 43. Rxa7 Ra5 44. Ra8 Kf5 45. g4+ Ke5 46. Re8+ Kd5 47. Rd8+ Ke5 48. Re8+ 1/2-1/2

[Event "Oberwart op"]
[Site "Oberwart"]
[Date "2004.??.??"]
[Round "?"]
[White "Heyken, Enno"]
[Black "Stanec, Nikolaus"]
[Result "0-1"]
[WhiteElo "2330"]
[BlackElo "2560"]
[PlyCount "64"]
[EventDate "2004.07.10"]
[EventType "swiss"]
[EventRounds "9"]
[EventCountry "AUT"]
[SourceTitle "CBM 103 Extra"]
[Source "ChessBase"]
[SourceDate "2005.01.01"]
[SourceVersion "1"]
[SourceVersionDate "2005.01.01"]
[SourceQuality "1"]

1. d4 Nf6 2. Bg5 d5 3. Bxf6 exf6 4. e3 g6 5. c4 dxc4 6. Bxc4 Bg7 7. Nc3 0-0 8. Qf3 c5 9. Nge2 Nc6 10. Rd1 cxd4 11. exd4 Bd7 12. 0-0 Rc8 13. Ne4 Na5 14. Bd5 Bb5 15. N4c3 Bxe2 16. Nxe2 Qb6 17. Rc1 Rxc1 18. Rxc1 Qxb2 19. h4 Nc6 20. Qe3 f5 21. Bxc6 bxc6 22. Rxc6 Qxa2 23. h5 Qa4 24. Rc7 a5 25. Kh2 Re8 26. Re7 Rxe7 27. Qxe7 Bf8 28. Qe5 Qb4 29. Ng3 a4 30. Nxf5 a3 31. f3 a2 32. d5 gxf5 0-1

[Event "Oberliga Nord N 0304"]
[Site "Germany"]
[Date "2003.10.12"]
[Round "1.1"]
[White "Hermesmann, Hans"]
[Black "Heyken, Enno"]
[Result "0-1"]
[WhiteElo "2304"]
[BlackElo "2313"]
[PlyCount "72"]
[EventDate "2003.10.12"]
[EventType "team-tourn"]
[EventRounds "9"]
[EventCountry "GER"]
[SourceTitle "EXT 2005"]
[Source "ChessBase"]
[SourceDate "2004.11.15"]
[SourceVersion "1"]
[SourceVersionDate "2004.11.15"]
[SourceQuality "1"]
[WhiteTeam "Pinneberg"]
[BlackTeam "Grosshansdorf"]
[WhiteTeamCountry "GER"]
[BlackTeamCountry "GER"]

1. d4 Nf6 2. c4 c5 3. d5 e5 4. Nc3 d6 5. e4 Be7 6. h3 h5 7. g3 h4 8. gxh4 Nbd7 9. Nf3 Nf8 10. Rg1 Ng6 11. Bg5 a6 12. Qd2 Bd7 13. a4 Qa5 14. Ra3 Qd8 15. a5 b6 16. axb6 Qxb6 17. Qc2 Rb8 18. Nd2 Nh5 19. Rb3 Qd8 20. Rxb8 Qxb8 21. Be2 Nhf4 22. Bxf4 Nxf4 23. Bg4 Bxg4 24. hxg4 Rxh4 25. Qa4+ Kf8 26. Qxa6 Rh2 27. Rf1 Bh4 28. Nb5 Kg8 29. Nf3 Bxf2+ 30. Kd1 Rg2 31. Rh1 Bd4 32. Nfxd4 cxd4 33. Kc1 Nd3+ 34. Kb1 Nf2 35. Rf1 Nxe4 36. Re1 Nd2+ 0-1

[Event "Travemuende op 19th"]
[Site "Travemuende"]
[Date "2002.12.30"]
[Round "7"]
[White "Heyken, Enno"]
[Black "Bielmeier, Ludwig"]
[Result "1-0"]
[WhiteElo "2307"]
[BlackElo "2174"]
[PlyCount "107"]
[EventDate "2002.12.21"]
[EventType "swiss"]
[EventRounds "7"]
[EventCountry "GER"]
[SourceTitle "EXT 2004"]
[Source "ChessBase"]
[SourceDate "2003.11.25"]
[SourceVersion "1"]
[SourceVersionDate "2003.11.25"]
[SourceQuality "1"]

1. d4 Nf6 2. Bg5 e6 3. Nd2 c5 4. e3 cxd4 5. exd4 Be7 6. Ngf3 0-0 7. Bd3 d6 8. 0-0 Nbd7 9. a4 Re8 10. Re1 h6 11. Bf4 Nd5 12. Bg3 N7f6 13. h3 a5 14. c3 Bd7 15. Bc2 Rc8 16. Qe2 Qb6 17. Rac1 Kh8 18. Nc4 Rxc4 19. Qxc4 Qxb2 20. Qb3 Qxc3 21. Qxb7 Bc6 22. Qb3 Qxb3 23. Bxb3 Nb4 24. Rc3 Rb8 25. Nd2 Nfd5 26. Bxd5 Bxd5 27. Rec1 Rb6 28. Nc4 Ra6 29. Ne3 Bf6 30. Nxd5 Nxd5 31. Rc6 Ra7 32. Bxd6 Bxd4 33. Bc5 Bxc5 34. R1xc5 g6 35. Rb5 Nc7 36. Rbc5 Nd5 37. Rb5 Nc7 38. Rb8+ Kg7 39. g4 g5 40. Kg2 Kf6 41. Rd8 Na6 42. Rdc8 Kg6 43. Kg3 Kf6 44. h4 gxh4+ 45. Kxh4 Ke5 46. Kg3 Kd5 47. Kf4 f5 48. Rc1 Kd6 49. R8c6+ Kd5 50. Rc8 Kd6 51. Rd1+ Ke7 52. Rh8 Nc7 53. Ke5 fxg4 54. Rh7+ 1-0

[Event "Travemuende op 19th"]
[Site "Travemuende"]
[Date "2002.12.29"]
[Round "5"]
[White "Heyken, Enno"]
[Black "Rieke, Theo"]
[Result "1-0"]
[WhiteElo "2307"]
[BlackElo "2236"]
[PlyCount "71"]
[EventDate "2002.12.21"]
[EventType "swiss"]
[EventRounds "7"]
[EventCountry "GER"]
[SourceTitle "EXT 2004"]
[Source "ChessBase"]
[SourceDate "2003.11.25"]
[SourceVersion "1"]
[SourceVersionDate "2003.11.25"]
[SourceQuality "1"]

1. d4 Nf6 2. Bg5 e6 3. e4 h6 4. Bxf6 Qxf6 5. Nc3 d6 6. g3 g6 7. Bg2 Bg7 8. Nge2 Nc6 9. Nb5 Qd8 10. c3 a6 11. Na3 0-0 12. 0-0 e5 13. Nc2 Kh8 14. Ne3 f5 15. exf5 gxf5 16. dxe5 dxe5 17. f4 e4 18. Qb3 Qd3 19. Kf2 Qb5 20. Rfd1 Qxb3 21. axb3 Be6 22. Bh3 h5 23. Rd2 Kh7 24. Nd4 Nxd4 25. cxd4 c6 26. Rad1 Rac8 27. d5 cxd5 28. Nxd5 Bxd5 29. Rxd5 Rc2+ 30. Ke3 Rxb2 31. Bxf5+ Kh6 32. Rd6+ Rf6 33. Rxf6+ Bxf6 34. Rd7 Rxb3+ 35. Kxe4 Rb4+ 36. Kd3 1-0

[Event "Travemuende op 19th"]
[Site "Travemuende"]
[Date "2002.12.28"]
[Round "4"]
[White "Ebeling, Jens"]
[Black "Heyken, Enno"]
[Result "0-1"]
[WhiteElo "2128"]
[BlackElo "2307"]
[PlyCount "106"]
[EventDate "2002.12.21"]
[EventType "swiss"]
[EventRounds "7"]
[EventCountry "GER"]
[SourceTitle "EXT 2004"]
[Source "ChessBase"]
[SourceDate "2003.11.25"]
[SourceVersion "1"]
[SourceVersionDate "2003.11.25"]
[SourceQuality "1"]

1. e4 e6 2. d3 d5 3. Nd2 Nf6 4. Ngf3 Nc6 5. g3 dxe4 6. dxe4 e5 7. Bg2 Bc5 8. 0-0 0-0 9. c3 a5 10. Qc2 b6 11. Nb3 Bd6 12. a4 Nd7 13. Be3 Qe7 14. Rad1 Nc5 15. Nxc5 Bxc5 16. Bxc5 Qxc5 17. Rd5 Qe7 18. Rfd1 Be6 19. R5d2 Rad8 20. Rxd8 Rxd8 21. Rxd8+ Qxd8 22. Bf1 Qd6 23. Bb5 Na7 24. Be2 f6 25. Nd2 Qc5 26. Qd3 Nc6 27. Kg2 Kf7 28. Qb5 Qxb5 29. Bxb5 Nd8 30. Kf3 Ke7 31. Ke3 Kd6 32. Kd3 Kc5 33. f3 Nb7 34. Bc4 Bd7 35. b3 g5 36. Bg8 h6 37. Bf7 Nd8 38. Bc4 h5 39. Bd5 f5 40. Ke3 f4+ 41. Kf2 fxg3+ 42. Kxg3 h4+ 43. Kf2 c6 44. Bg8 b5 45. Ke3 Be6 46. Bxe6 Nxe6 47. Kd3 Nf4+ 48. Kc2 h3 49. Nf1 b4 50. cxb4+ Kxb4 51. Nd2 Ne2 52. Nc4 Nd4+ 53. Kd3 Nxf3 0-1

[Event "Wichern op 6th"]
[Site "Hamburg"]
[Date "2001.10.20"]
[Round "8.13"]
[White "Labahn, Wolfgang"]
[Black "Heyken, Enno"]
[Result "0-1"]
[WhiteElo "2211"]
[BlackElo "2325"]
[PlyCount "66"]
[EventDate "2001.10.21"]
[EventType "swiss"]
[EventRounds "9"]
[EventCountry "GER"]
[SourceTitle "EXT 2002"]
[Source "ChessBase"]
[SourceDate "2001.11.25"]
[SourceVersion "1"]
[SourceVersionDate "2001.11.25"]
[SourceQuality "1"]

1. d4 Nf6 2. c4 g6 3. Nc3 d5 4. cxd5 Nxd5 5. e4 Nxc3 6. bxc3 Bg7 7. Bc4 a6 8. Ne2 Nc6 9. Bg5 h6 10. Be3 0-0 11. Qd2 Kh7 12. h4 e5 13. h5 g5 14. f3 exd4 15. cxd4 Be6 16. Rc1 Bxc4 17. Rxc4 Qd7 18. 0-0 f5 19. Rfc1 fxe4 20. d5 Rad8 21. Nc3 Ne5 22. Rxe4 Qf5 23. Qe2 c6 24. dxc6 Nxc6 25. Na4 Rfe8 26. Nc5 Nd4 27. Qf2 Rxe4 28. Nxe4 g4 29. Ng3 Qd3 30. fxg4 Re8 31. Re1 Nc2 32. Qf7 Rxe3 33. Rf1 Rxg3 0-1

[Event "Wichern op 6th"]
[Site "Hamburg"]
[Date "2001.10.13"]
[Round "1.16"]
[White "Hedayat Nassab, Djamschid"]
[Black "Heyken, Enno"]
[Result "0-1"]
[WhiteElo "2123"]
[BlackElo "2325"]
[PlyCount "58"]
[EventDate "2001.10.21"]
[EventType "swiss"]
[EventRounds "9"]
[EventCountry "GER"]
[SourceTitle "EXT 2002"]
[Source "ChessBase"]
[SourceDate "2001.11.25"]
[SourceVersion "1"]
[SourceVersionDate "2001.11.25"]
[SourceQuality "1"]

1. e4 e6 2. d4 d5 3. e5 c5 4. c3 Nc6 5. Nf3 Qb6 6. Be2 cxd4 7. cxd4 Nh6 8. b3 Bb4+ 9. Kf1 Nf5 10. Bb2 0-0 11. g4 Nh6 12. h3 f6 13. exf6 Rxf6 14. g5 Rxf3 15. Bxf3 Nf5 16. Nc3 Bd7 17. Na4 Qc7 18. Nc5 Rf8 19. Nxd7 Qxd7 20. h4 Qc7 21. Rh3 Qb6 22. Qd3 Nfxd4 23. Rd1 Bc5 24. Bxd4 Bxd4 25. Rd2 Bc5 26. Bxd5 Nb4 27. Bxe6+ Qxe6 28. Qc4 Nd5 29. Kg1 Qe1+ 0-1

[Event "Polanica Zdroj op"]
[Site "Polanica Zdroj"]
[Date "2001.08.25"]
[Round "10"]
[White "Jasik, Krzysztof"]
[Black "Heyken, Enno"]
[Result "1-0"]
[WhiteElo "2250"]
[BlackElo "2325"]
[PlyCount "40"]
[EventDate "2001.08.16"]
[EventType "swiss"]
[EventRounds "10"]
[EventCountry "POL"]
[SourceTitle "EXT 2002"]
[Source "ChessBase"]
[SourceDate "2001.11.25"]
[SourceVersion "1"]
[SourceVersionDate "2001.11.25"]
[SourceQuality "1"]

1. e4 e6 2. d4 d5 3. Nd2 Nf6 4. e5 Nfd7 5. Bd3 c5 6. c3 Nc6 7. Ne2 cxd4 8. cxd4 f6 9. exf6 Qxf6 10. 0-0 Bd6 11. Nf3 h6 12. Be3 0-0 13. Bc2 Rd8 14. Qd2 Nb6 15. b3 Bd7 16. Bf4 Be8 17. Bxd6 Rxd6 18. Rfe1 Bh5 19. Ne5 Bxe2 20. Rxe2 Nd7 1-0

[Event "Polanica Zdroj op"]
[Site "Polanica Zdroj"]
[Date "2001.08.20"]
[Round "5"]
[White "Heyken, Enno"]
[Black "Dobrowolski, Aleksander"]
[Result "1/2-1/2"]
[WhiteElo "2325"]
[BlackElo "2222"]
[PlyCount "120"]
[EventDate "2001.08.16"]
[EventType "swiss"]
[EventRounds "10"]
[EventCountry "POL"]
[SourceTitle "EXT 2002"]
[Source "ChessBase"]
[SourceDate "2001.11.25"]
[SourceVersion "1"]
[SourceVersionDate "2001.11.25"]
[SourceQuality "1"]

1. d4 Nf6 2. Nf3 g6 3. c4 Bg7 4. Nc3 0-0 5. e4 d6 6. Be2 e5 7. d5 a5 8. Bg5 h6 9. Bh4 Na6 10. Nd2 Qe8 11. Bxf6 Bxf6 12. Bg4 Nc5 13. Bxc8 Nd3+ 14. Kf1 Qxc8 15. h4 Bg7 16. h5 Nf4 17. hxg6 fxg6 18. Kg1 Qd7 19. Qf1 Rf7 20. g3 Nh5 21. Qh3 Qxh3 22. Rxh3 Raf8 23. Rh2 Nf6 24. f3 h5 25. Re2 Bh6 26. Kg2 g5 27. Rf1 g4 28. fxg4 Bxd2 29. Rxd2 Nxg4 30. Rxf7 Rxf7 31. Nd1 Kg7 32. Rc2 Kg6 33. Rc3 b6 34. Rf3 Rxf3 35. Kxf3 Kg5 36. Nc3 Nf6 37. a3 h4 38. gxh4+ Kxh4 39. b4 axb4 40. axb4 Kh3 41. Nb5 Ne8 42. Na7 Kh4 43. Nc6 Nf6 44. Ne7 Ne8 45. Ng6+ Kg5 46. Nf8 Kh4 47. Ne6 Kh3 48. Ng5+ Kh4 49. Nf7 Kh3 50. c5 bxc5 51. bxc5 Kh4 52. Ke3 Kg3 53. Kd3 Kf4 54. c6 Kf3 55. Ng5+ Kf4 56. Nh3+ Kf3 57. Ng1+ Kf4 58. Ne2+ Kf3 59. Nc3 Nf6 60. Nb5 Ne8 1/2-1/2